Historia de la Real y Pontificia Universidad de Cervera / por D. Manuel Rubio y Borrás ... ; fotografías de D. Manuel Ramos y Cobos
Descripción Física:
498 p., XCVII p., [47] f. de làm. ; 28 cm
Otros Autores:
Ramos y Cobos, Manuel, fot
Materias:
Universitat de Cervera -- Història
MARC
| LEADER | 00000nam a2200000Ia 4500 | ||
|---|---|---|---|
| 001 | 2233 | ||
| 008 | 160829s1915 xx 000 0 cat d | ||
| 080 | |a E-1-41 | ||
| 100 | |a Rubio Borrás, Manuel |9 29026 | ||
| 245 | |a Historia de la Real y Pontificia Universidad de Cervera / por D. Manuel Rubio y Borrás ... ; fotografías de D. Manuel Ramos y Cobos | ||
| 260 | |a Barcelona : |b [s.n.], |c 1915 | ||
| 300 | |a 498 p., XCVII p., [47] f. de làm. ; |c 28 cm | ||
| 590 | |a A la coberta : Universidad de Barcelona. Anuario del Curso Académico 1913-1914. vbcrlfObra patrocinada por la Universidad de Barcelona. | ||
| 650 | |a Universitat de Cervera |x Història |9 29027 | ||
| 700 | |a Ramos y Cobos, Manuel, fot. |9 29028 | ||
| 710 | 2 | |a Universitat de Barcelona |9 51297 | |
| 901 | |a Arxiu | ||
| 942 | |n 1 | ||
| 952 | |0 0 |1 0 |4 0 |6 E141 |7 1 |9 45024 |a Arxiu |b Arxiu |d 2016-12-01 |l 0 |o E-1-41 |p 2233 |r 2016-12-01 00:00:00 |w 2016-12-01 |y ARXIU | ||
| 999 | |c 47628 |d 47628 | ||